Random Pictures #2 - Statistics

General Stats
  • This quiz has been taken 45 times
  • The average score is 12 of 16
Answer Stats
Picture Answer % Correct
Bed
98%
Pig
95%
Saxophone
95%
Mickey Mouse
93%
Queen Elizabeth II
93%
Dominos
88%
Hexagon
86%
George W. Bush
83%
Daisy
76%
Lamborghini
76%
Microsoft
76%
Thanksgiving
74%
Fred
55%
Venezeula
50%
Uluru
38%
Bali
10%
No matching quizzes found
Score Distribution
Percent of People with Each Score
Percentile by Number Answered
Your Score History
You have not taken this quiz